Detalles MARC
| 000 -LIDER |
| fixed length control field |
01586nam a22003497a 4500 |
| 001 - NÚMERO DE CONTROL |
| Identificador de número de control |
|
| 003 - IDENTIFICACDOR DE NÚMERO DE CONTROL |
| control field |
DO-SdBNP |
| 005 - DATE AND TIME OF LATEST TRANSACTION |
| control field |
20210428105210.0 |
| 007 - CAMPOS FIJOS DE DESCRIPCIÓN FÍSICA |
| fixed length control field |
|
| 008 - ELEMENTOS DE LONGITUD FIJA |
| fixed length control field |
160902b 2008 dr a | 00| 0 spa d |
| 020 ## - ISBN |
| International Standard Book Number |
9789945130966 |
| 040 ## - FUENTE DE CATALOGACIÓN |
| Agencia que crea de manera original el registro |
BPMSU |
| Idioma de catalogación |
spa |
| Agencia que realiza la transcripción |
BPMSU |
| 082 #4 - NÚMERO DE CLASIFICACIÓN DECIMAL DE DEWEY |
| Classification number |
332.46 |
| Item number |
S714d |
| Edition number |
22 |
| 100 1# - ASIENTO PRINCIPAL -- NOMBRE PERSONAL |
| Nombre personal |
Sención, César Augusto |
| Fechas asociadas con el nombre |
|
| 245 10 - MENCIÓN DE TITULO |
| Título |
Declíve de la hegemonía de los Estados Unidos / |
| Mención de responsabilidad |
César Augusto Sención |
| Subtítulo |
|
| 260 ## - PUBLICACIÓN, DISTRIBUCIÓN, ETC. (PIE DE IMPRENTA) |
| Lugar de publicación, distribución, etc |
Santo Domingo : |
| Nombre del editor, distribuidor, etc. |
Mediabyte, |
| Fecha de publicación, distribución, etc |
2008 |
| 300 ## - DESCRIPCIÓN FÍSICA |
| Extensión |
117 p. : |
| Otros detalles físicos |
ils., gráfs. |
| Dimensiones |
23 cm. |
| 500 ## - NOTA GENERAL |
| Nota general |
Incluye referencias bibliográficas y notas al pie de las páginas |
| 506 ## - NOTA DE RESTRICCIONES DE ACCESO |
| Autorización |
Cubanos en Estados Unidos$v Videodiscos digitales.<br/><br/>Administración de justicia$z Estados Unidos$v Videodiscos digitales.<br/><br/>aEstados Unidos$x Imperialismo.<br/>aEstados Unidos$x Relaciones exteriores.<br/><br/>Kotz, David. $tInflación, depresión y la clase obrera en Estados Unidos.<br/>Colombia$x Relaciones exteriores$z Estados Unidos $y 1930-1940.<br/>Estados Unidos$x Relaciones exteriores$z Colombia $y 1930-1940. |
| 590 ## - NOTA LOCAL |
| Enlace |
Inventariado, 2021/VM |
| 650 #4 - ENCABEZAMIENTO DE MATERIA--TEMÁTICO |
| Término temático o nombre geográfico como elemento de entrada |
Macroeconomía |
| Subdivisión geográfica |
Estados Unidos |
| 650 #4 - ENCABEZAMIENTO DE MATERIA--TEMÁTICO |
| Término temático o nombre geográfico como elemento de entrada |
Política monetaria |
| Subdivisión geográfica |
Estados Unidos |
| 650 #4 - ENCABEZAMIENTO DE MATERIA--TEMÁTICO |
| Término temático o nombre geográfico como elemento de entrada |
Capitalismo |
| Subdivisión geográfica |
Estados Unidos |
| Fuente del encabezamiento o término |
|
| Materiales especificados |
|
| Término de relación |
|
| Enlace |
|
| Campo enlazado y núm. de secuencia |
|
| Término temático seguido del nombre geográfico como elemento de entrada |
|
| Lugar del evento |
|
| Fechas activas |
|
| Mención de responsabilidad |
|
| Subdivisión de forma |
|
| 651 #4 - ENCABEZAMIENTO DE MATERIA--NOMBRE GEOGRÁFICO |
| Nombre geográfico |
Estados Unidos |
| Subdivisión temática general |
Política económica |
| Subdivisión cronológica |
Siglo XXI |
| 651 #4 - ENCABEZAMIENTO DE MATERIA--NOMBRE GEOGRÁFICO |
| Nombre geográfico |
Estados Unidos |
| Subdivisión temática general |
Condiciones económicas |
| Subdivisión cronológica |
Siglo XXI |
| 700 10 - ASIENTO SECUNDARIO -- NOMBRE PERSONAL |
| Nombre personal |
Trincado, Estrella |
| Mención de responsabilidad |
tr. |
| 830 #0 - ASIENTO SECUNDARIO DE SERIE--TÍTULO UNIFORME |
| Título uniforme |
Pensamiento |
| 910 ## - VALIDACIÓN |
| Validación |
VMateo |
| 942 ## - ADDED ENTRY ELEMENTS (KOHA) |
| Source of classification or shelving scheme |
Dewey Decimal Classification |
| Koha item type |
Libros |
| 945 ## - INFORMACIÓN DE PROCESAMIENTO LOCAL |
| Información de procesamiento local |
Inventariado, 2017/MFF |
| 956 ## - LOCAL ELECTRONIC LOCATION AND ACCESS (OCLC) |
| Método de acceso |
LOPEREZ |
| Materiales especificados |
10 |
| Enlace |
20160902 |
| Campo enlazado y núm. de secuencia |
BPMSU |
| Nombre de host |
00041 |